Módulo habitacional creciente : el diseño de un módulo habitacional creciente para un contexto vulnerable

Furkejuvvon:
Bibliográfalaš dieđut
Váldodahkki: Mesquita Diniz, Isabelle Agnes
Eará dahkkit: Loría Quesada, Jorge Director del TFG
Materiálatiipa: Dovdameahttun
Giella:Spanish
Almmustuhtton: [San José, Costa Rica] 2017
Fáttát:
Fáddágilkorat: Lasit fáddágilkoriid
Eai fáddágilkorat, Lasit vuosttaš fáddágilkora!

MARC

LEADER 00000 a2200000 4500
003 EA0187
005 20230228091919.0
008 140114s2017 cr a 000 ||spa d
040 |c cru CEDI 
090 |a TFG EA-187 
100 |a Mesquita Diniz, Isabelle Agnes  |9 20368 
245 |a Módulo habitacional creciente : el diseño de un módulo habitacional creciente para un contexto vulnerable 
260 |a  [San José, Costa Rica]  |c 2017 
500 |a  Proyecto de graduación (licenciatura en Arquitectura)--Universidad de Costa Rica. Facultad de Ingeniería. Escuela de Arquitectura 
501 |a Director de Proyecto de Graduación: Msc Jorge Loría Quesada, Arq. 
650 |x ARQUITECTURA DOMESTICA - DISEÑOS Y PLANOS   |x VIVIENDA POPULAR - DISEÑOS Y PLANOS   |x DESASTRES NATURALES - PREVENCION   |x VIVIENDAS - EFECTOS DE DESASTRES NATURALES   |x ADMINISTRACION DE RIESGOS   |x ASISTENCIA EN EMERGENCIAS   |x DISEÑO ARQUITECTONICO - ASPECTOS AMBIENTALES   |x DISEÑO ARQUITECTONICO - PLANIFICACION   |x FAMILIAS DE BAJOS INGRESOS   |x VIVIENDA POPULAR - ASPECTOS ECONOMICOS  |9 20369 
700 |9 125  |a  Loría Quesada, Jorge  |d Director del TFG  
942 |c CEDI 
999 |c 12593  |d 12593